|
|
|
|
| LEADER |
02115nam a2200529 i 4500 |
| 001 |
nkc20223418862 |
| 003 |
CZ PrNK |
| 005 |
20220707095841.0 |
| 007 |
ta |
| 008 |
220502s2022 xr a e c 000 0dcze |
| 020 |
|
|
|a 978-80-11-01707-1
|q (v knize neuvedeno ;
|q brožováno)
|
| 040 |
|
|
|a BOA001
|b cze
|e rda
|
| 043 |
|
|
|a e-xr---
|
| 045 |
|
|
|a x9y2
|
| 072 |
|
7 |
|a 77
|x Fotografie. Fotografické postupy
|2 Konspekt
|9 21
|
| 080 |
|
|
|a 77.04
|2 MRF
|
| 080 |
|
|
|a 73/77.02
|2 MRF
|
| 080 |
|
|
|a (437.3)
|2 MRF
|
| 080 |
|
|
|a (083.824)
|2 MRF
|
| 100 |
1 |
|
|a Havelková, Jolana,
|d 1966-
|7 jo2004193343
|4 art
|
| 245 |
1 |
0 |
|a Jolana Havelková :
|b možnosti paměti : fotografie, koláže : Galerie města Kolína při Městském divadle v Kolíně 19.4.-24.6.2022 /
|c text, grafická úprava: Aleš Rezler
|
| 246 |
3 |
|
|a Možnosti paměti - Jolana Havelková
|
| 264 |
|
1 |
|a V Kolíně :
|b Městské divadlo,
|c 2022
|
| 300 |
|
|
|a 52 nečíslovaných stran :
|b ilustrace (některé barevné) ;
|c 21 cm
|
| 336 |
|
|
|a text
|b txt
|2 rdacontent
|
| 336 |
|
|
|a statický obraz
|b sti
|2 rdacontent
|
| 337 |
|
|
|a bez média
|b n
|2 rdamedia
|
| 338 |
|
|
|a svazek
|b nc
|2 rdacarrier
|
| 500 |
|
|
|a Životopisná data a přehled výstav
|
| 500 |
|
|
|a 200 výtisků
|
| 600 |
1 |
7 |
|a Havelková, Jolana,
|d 1966-
|7 jo2004193343
|2 czenas
|
| 648 |
|
4 |
|a 1996-2022
|
| 648 |
|
7 |
|a 20.-21. století
|7 ch462155
|2 czenas
|
| 650 |
0 |
7 |
|a umělecká fotografie
|7 ph126879
|z Česko
|y 20.-21. století
|2 czenas
|
| 650 |
0 |
7 |
|a koláže
|7 ph121736
|z Česko
|y 20.-21. století
|2 czenas
|
| 650 |
0 |
9 |
|a artistic photography
|z Czechia
|y 20th-21st centuries
|2 eczenas
|
| 650 |
0 |
9 |
|a collages
|z Czechia
|y 20th-21st centuries
|2 eczenas
|
| 655 |
|
7 |
|a katalogy výstav
|7 fd132536
|2 czenas
|
| 655 |
|
9 |
|a exhibition catalogs
|2 eczenas
|
| 700 |
1 |
|
|a Rezler, Aleš,
|d 1964-
|7 jn20001005676
|4 aut
|4 dsr
|
| 710 |
2 |
|
|a Galerie města Kolína
|7 pna2013754789
|4 orm
|
| 910 |
2 |
|
|a BOA001
|b 2-1484.997
|
| 928 |
9 |
|
|a Městské divadlo v Kolíně
|
| 990 |
|
|
|a BK
|
| 995 |
|
|
|a 11
|
| 991 |
|
|
|b 202205
|c NOV
|
| 996 |
6 |
|
|b 2610902780
|c 2-1484.997
|l MZK
|r Sklad / do 1 hodiny
|n 0
|p p.v.
|w 001886680
|u 000010
|a 1
|e BOA001
|j MZK50
|s P
|